000 01036nam1a22002771i 4500
001 rc\4122909
005 20260406153251.0
021 _aRU
_b[54-16035]
021 _aRU
_b[54-17818]
021 _aRU
_b[54-11723]
035 _a(NLR Aleph) 007982026
090 _a8525865
_c8525865
100 _a20130415d1954 |||y0rusy50 ca
101 0 _arus
102 _aRU
105 _a z |||||
200 1 _aСочинения
_e[В 3 т.
_fРед., примеч. и вступ. статья К. Чуковского, с. 3-48] Т. 1-3
210 _aМосква
_cПравда
_d1954
215 _a3 т.
_d21
225 1 _aБиблиотека "Огонек"
700 1 _4070
_7ca
_8rus
_aНекрасов
_bН. А.
_cпоэт
_f1821-1877
_gНиколай Алексеевич
_9116209
_3RU\NLR\AUTH\776255
702 1 _4340
_4212
_4080
_7ca
_8rus
_aЧуковский
_bК. И.
_f1882-1969
_gКорней Иванович
_9111544
_3RU\NLR\AUTH\771522
801 0 _aRU
_bNLR
_gpsbo
801 1 _aRU
_bELAR
_2rusmarc
852 _aNLR
_jЛ30 Г-5/816
942 _cBOOK